History Quiz

Random History or War Quiz

Who won these battles Quiz Stats

 Plays Quiz not verified by Sporcle

Challenge
Share
Tweet
Embed
Score 0/30 Timer 05:00
0 Plays Today
% Correct
George Washington
90%
Georgy Zhukov
86.9%
Joan of Arc
85%
Horatio Nelson
85%
Bernard Montgomery
84.4%
Robert E Lee
83.1%
Henry V
81.3%
Napoleon Bonaparte
78.8%
Harold Godwinson
77.5%
Douglas MaCarthur
76.3%
Oliver Cromwell
75.6%
Robert I the Bruce
75%
Alexander the Great
74.4%
George Meade
73.8%
Hannibal
71.9%
% Correct
Alfred the Great
69.4%
Chester Nimitz
69.4%
Charles Martel
68.8%
Saladin
67.5%
Edward III
65.6%
Julius Caesar
65.6%
Octavian
63.8%
George Patton
62.5%
Hulagu Khan
60%
Ieyasu
59.4%
Frederick the Great
57.5%
John Churchill
56.3%
Edmund Allenby
52.5%
Robert Clive
51.9%
Philip Augustus
43.8%

You're not logged in!

Compare scores with friends on all Sporcle quizzes.
Join for Free
OR
Log In

You Might Also Like...

Show Comments

Extras

Top Quizzes Today


Score Distribution

Your Account Isn't Verified!

In order to create a playlist on Sporcle, you need to verify the email address you used during registration. Go to your Sporcle Settings to finish the process.

Report this User

Report this user for behavior that violates our Community Guidelines.

Details: